| 000 | 00644nam a22001697a 4500 | ||
|---|---|---|---|
| 003 | NUST | ||
| 038 | _aNusrat Nadeem | ||
| 082 | _a200 | ||
| 100 |
_aKhan, Asad Mansoor _9123200 |
||
| 245 |
_aA Unified Classification Framework Employing Region-of-Interest Localisation for Respiratory Conditions through a Combination of Chest X-Rays and Associated Data/ _cAsad Mansoor Khan |
||
| 264 |
_aRawalpindi; _bCEME NUST; _c2024; |
||
| 300 |
_a189,p; _bill; _c30,cm. |
||
| 650 |
_aPhD-Computer Engineering _990709 |
||
| 700 | _aSupervisor: Dr. Muhammad Usman Akram | ||
| 856 | _uhttp://10.250.8.41:8080/xmlui/handle/123456789/41441 | ||
| 942 |
_2ddc _cTHE |
||
| 999 |
_c609468 _d609468 |
||